Visualizzazione normale
Vista MARC
- Mineo Francesco
di Personal Name
Records bibliografici associati: 1
001 - CONTROL NUMBER
- control field: 57301
003 - CONTROL NUMBER IDENTIFIER
- control field:
005 - DATE AND TIME OF LATEST TRANSACTION
- control field: 20180709115515.0
008 - FIXED-LENGTH DATA ELEMENTS
- fixed length control field: 180709|| aca||aabn | a|a d
040 ## - CATALOGING SOURCE
- Original cataloging agency:
- Transcribing agency:
100 ## - HEADING--PERSONAL NAME
- Personal name: Mineo Francesco
670 ## - SOURCE DATA FOUND
- Source citation: Work cat.: (): Mineo Francesco, Adozione, 2018